00967 2200289 4500001002100000005001500021035002000036007000300056008004100059020002200100082000800122084001700130100001700147245006700164250003400231300003900265650003100304700001400335700002700349520015900376264004200535336002100577337002400598338002300622990001600645990001600661INLIS00000000004429720221020111907 a0010-1022000009ta221020 0  a978-623-7615-60-6 a819 aSR 819 LIA n0 aLia Loeferns1 aNgoyok coro /cLia Loeferns, Eda Ferns; ilustrator, Indra Bayu aBabaran kapisan Februari 2022 a23 halaman :bilustrasi ;c21,5 cm 4aSastra Daerah di Indonesia0 aEda Ferns0 aIndra Bayu; ilustrator aMinok karo Kabul lagi bingung arep ningkesi dolanane sekang ngendi dhisit. Durung labuh goli ningkesi, Minok mbaor-mbaor, "ANA CORO!" Kabeh padha bingung! aYogyakarta :bLingkarantarnusa,c2022 2rdacontentateks 2rdamediaaperantara 2rdacarrieravolume a50970.63790 a50970.63790